[Event "SLO-ch U10"]
[Site "Ptuj"]
[Date "2017.03.03"]
[Round "9"]
[White "Lajkovic, Filip"]
[Black "Kumin, Jure"]
[Result "1-0"]
[WhiteElo "1666"]
[BlackElo "1714"]
[PlyCount "129"]
[EventDate "2017.02.27"]
[EventType "swiss"]
[EventRounds "9"]
[EventCountry "SLO"]
[SourceTitle "CBM 177 Extra"]
[Source "ChessBase"]
[SourceDate "2017.04.27"]
[SourceVersion "1"]
[SourceVersionDate "2017.04.27"]
[SourceQuality "1"]

1. e4 c5 2. c4 d6 3. d3 Nf6 4. Nf3 e6 5. h3 Be7 6. Be2 0-0 7. 0-0 a6 8. a3 b6 9. b4 cxb4 10. axb4 Bb7 11. Nc3 Qc7 12. Be3 Nbd7 13. Nh2 Rac8 14. Qb3 Rfe8 15. Rfc1 Qc6 16. b5 Nc5 17. Bxc5 Qxc5 18. bxa6 Ba8 19. a7 Rc7 20. Bf3 Rcc8 21. Rc2 Qc7 22. Rca2 Nd7 23. Nb5 Qc5 24. e5 Nxe5 25. Bxa8 Rxa8 26. d4 Qxc4 27. Qxc4 Nxc4 28. Nc7 Rec8 29. Nxa8 Rxa8 30. Rc2 d5 31. Nf3 Nd6 32. Ne5 Nb5 33. Rc8+ Rxc8 34. a8Q Rxa8 35. Rxa8+ Bf8 36. Nd7 g6 37. Rxf8+ Kg7 38. Rb8 Nxd4 39. Rxb6 h6 40. Rb7 Nc6 41. Kh2 h5 42. Kg3 g5 43. f4 Kg6 44. Ne5+ Nxe5 45. fxe5 f5 46. Rb6 f4+ 47. Kf3 Kf5 48. g4+ fxg3 49. Kxg3 Kxe5 50. Rb1 Kf5 51. Rf1+ Ke5 52. h4 g4 53. Rf8 d4 54. Rh8 Ke4 55. Rxh5 d3 56. Ra5 d2 57. Ra1 Ke3 58. h5 Ke2 59. h6 d1Q 60. Rxd1 Kxd1 61. h7 e5 62. h8Q e4 63. Qd4+ Kc2 64. Qxe4+ Kc3 65. Kxg4 1-0